Zwycięzcy Pucharu Świata w Skokach Narciarskich - Statystyki

Ogólne statystyki
  • Ten quiz został rozwiązany 1 043 razy
  • Średni wynik to 23 z 40
Statystyki odpowiedzi
Sezon Skoczek narciarski % Poprawnych
2013/2014 Kamil Stoch
99%
2017/2018 Kamil Stoch
99%
2000/2001 Adam Małysz
98%
2001/2002 Adam Małysz
98%
2002/2003 Adam Małysz
98%
2006/2007 Adam Małysz
98%
2018/2019 Ryoyu Kobayashi
89%
2016/2017 Stefan Kraft
88%
2015/2016 Peter Prevc
86%
2003/2004 Janne Ahonen
81%
2004/2005 Janne Ahonen
81%
2014/2015 Severin Freund
76%
2007/2008 Thomas Morgenstern
73%
2010/2011 Thomas Morgenstern
73%
2008/2009 Gregor Schlierenzauer
72%
2012/2013 Gregor Schlierenzauer
72%
2009/2010 Simon Ammann
70%
2011/2012 Anders Bardal
61%
1982/1983 Matti Nykanen
59%
1984/1985 Matti Nykanen
59%
1985/1986 Matti Nykanen
59%
1987/1988 Matti Nykanen
59%
2005/2006 Jakub Janda
58%
1998/1999 Martin Schmitt
58%
1999/2000 Martin Schmitt
58%
1996/1997 Primoz Peterka
46%
1997/1998 Primoz Peterka
46%
1992/1993 Andreas Goldberger
43%
1994/1995 Andreas Goldberger
43%
1995/1996 Andreas Goldberger
43%
1983/1984 Jens Weissflog
39%
1993/1994 Espen Bredesen
22%
1991/1992 Toni Nieminen
22%
1990/1991 Andreas Felder
21%
1988/1989 Jan Boklov
19%
1980/1981 Armin Kogler
18%
1981/1982 Armin Kogler
18%
1979/1980 Hubert Neuper
18%
1989/1990 Ari-Pekka Nikkola
17%
1986//1987 Vegard Opaas
11%
Nie znaleziono quizów pasujących do podanych kryteriów
Rozkład punktacji
Procent ludzi z każdym wynikiem
Percentyl według liczby udzielonych odpowiedzi
Twoja historia wyników
Nie rozwiązałeś tego quizu